| 000 | 01313cam a22003377a 4500 | ||
|---|---|---|---|
| 001 | 13653478 | ||
| 003 | OSt | ||
| 005 | 20180116192418.0 | ||
| 008 | 040713s2002 enka bf 001 0 eng | ||
| 010 | _a 2004445542 | ||
| 015 | _aGBA2-Z5845 | ||
| 020 | _a0500283435 | ||
| 020 | _a9780500285213 | ||
| 020 | _a0500285217 | ||
| 035 | _a(OCoLC)ocm48753824 | ||
| 040 |
_aUKM _cUKM _dDLC |
||
| 042 | _alccopycat | ||
| 050 | 0 | 0 |
_aTS171.4 _b.F83 2002 |
| 082 | 0 | 0 |
_a745.4 _222 |
| 100 | 1 |
_aFuad-Luke, Alastair. _97013 |
|
| 245 | 1 | 4 |
_aThe eco-design handbook : _ba complete sourcebook for the home and office / _cAlastair Fuad-Luke. |
| 260 |
_aLondon : _bThames & Hudson, _c2004. |
||
| 300 |
_a352 p. : _bill. (some col.) ; _c21 cm. |
||
| 504 | _aIncludes bibliographical references (p. 342-344) and index. | ||
| 650 | 0 |
_aIndustrial design _xEnvironmental aspects _vHandbooks, manuals, etc. _97014 |
|
| 856 | 4 | 1 |
_3Table of contents only _uhttp://www.loc.gov/catdir/toc/fy0712/2004445542.html |
| 906 |
_a7 _bcbc _ccopycat _d2 _encip _f20 _gy-gencatlg |
||
| 942 |
_2ddc _cBK |
||
| 999 |
_c353810 _d353810 |
||